000 01301nam a22002655i 4500
001 156592
003 ES-MaACL
005 20250829122929.0
008 040802s1882 uy |||| | spa d
040 _aCAM
_bspa
_cCAM
100 1 _aKiddle, Henry.
_9128450
245 1 0 _aCómo se debe enseñar
_b: curso graduado de instrucción y manual de métodos para uso de los maestros /
_cpor Enrique Kiddle, Tomás F. Harrison y N.A. Calkins ; traducido de la ed. de 1877 por Joaquina Acevedo, A. Vázquez Acevedo y Emilio Romero ; y arreglada para el uso de las esucelas de las repúblicas del Río de la Plata por F.A. Berra.
250 _a2ª ed.
260 _aMontevideo :
_bPublicación de la Sociedad de Amigos de la Educación Popular de Montevideo,
_c1882 (
_fImprenta á vapor de El Ferro-carril)
300 _a256 p. ;
_c23 cm.
650 0 7 _aDidáctica
_2embne
_911880
700 1 1 _aHarrison, Thomas F.
_9127797
700 1 1 _aCalkins, N.A.
_9126291
700 1 _aAcevedo, Joaquina.
_9125536
700 1 _aVázquez Acevedo, A.
_9133841
700 1 _aBerra, F. A.
_928368
710 2 _aSociedad de Amigos de la Educación Popular
_9134906
852 _aES-MaACL
_jF-12531
_z-- Enc. pasta española
_z-- An. ms.: ded. de Gómez Ruano al Ateneo de Madrid
999 _c156592
_d156592